000 00332nam a22001337a 4500
008 170818b xxu||||| |||| 00| 0 eng d
020 _a9780077350048
041 _aeng
080 _23 ED
_a51
100 _a37
101 _aMAT
245 _aALGEBRA THE LANGUAGE AND SYMBOLLISN OF MATHEMATICS
_cHALL.J.W
942 _2udc
_cBK
999 _c24135
_d24135